10 Stolic #2 - Statystyki

Ogólne statystyki
  • Ten quiz został rozwiązany 67 razy
  • Średni wynik to 9 z 10
Statystyki odpowiedzi
Państwo Stolica % Poprawnych
Czechy Praga
100%
Ukraina Kijów
97%
Wielka Brytania Londyn
97%
Grecja Ateny
95%
Meksyk Meksyk
90%
Korea Południowa Seul
87%
Argentyna Buenos Aires
85%
Australia Canberra
77%
Iran Teheran
67%
Pakistan Islamabad
59%
Nie znaleziono quizów pasujących do podanych kryteriów
Rozkład punktacji
Procent ludzi z każdym wynikiem
Percentyl według liczby udzielonych odpowiedzi
Twoja historia wyników
Nie rozwiązałeś tego quizu